000
00281nam a22001337a 4500
008
181009b xxu||||| |||| 00| 0 eng d
020
_a
0618611312
041
_a
eng
080
_2
4th
_a
510
100
_a
38
101
_a
MAT
245
_a
Algebra
_c
Aufmann,R.N
942
_2
udc
_c
BK
999
_c
49204
_d
49204